Statistics for Fictional Detectives by Picture

Click here to take the quiz!

General Stats

  • This quiz has been taken 151 times
    (71 since last reset)
  • The average score is 8 of 16

Answer Stats

Answer% Correct
Sherlock Holmes
94%
Tintin
87%
Inspector Gadget
85%
Detective Pikachu
81%
Hercule Poirot
79%
Jane Marple
74%
Starsky
69%
Frank Columbo
66%
Basil Rathbone
29%
Jack Reacher
24%
Benoît Blanc
18%
Hershel Layton
18%
Jules Maigret
16%
Philip Marlowe
15%
Phoenix Wright
15%
Shinichi Kudo
15%

Score Distribution

Percentile by Number Answered

Percent of People with Each Score

Your Score History

You have not taken this quiz since the last reset